Quizzes
Events
Quiz Creation
Community
Videos
Private Events
Remove Ads
Sign In
Join for FREE
Feedback
Dark Mode
Quiz Categories
Sports
Geography
Music
Movies
Television
Just For Fun
Miscellaneous
History
Literature
Language
Science
Gaming
Entertainment
Religion
Holiday
For Kids
Quiz Lab
Recent
Popular Today
Quiz Kudos Today
Editor Picks
Curator Picks
Quizzes by...
Day
Popularity
Type
Ratings
Length
Year
Community
Subscriptions
Recent Discussions
Orange Saloon
Badges
Playlists
Quests
Create
Leaderboards
Showdown
Live 5
Trivia Bingo
Activity
Puzzle Library
Sporcle Events
Private Events
Virtual Trivia
Globe League
Become a Host
Pub Owners
SporcleCon
Opinionation
Our Games
Videos
Blog
Mobile Apps
Partnerships
Remove Ads and Go Orange
Feedback
Miscellaneous
Crossword
General Knowledge
Baby Names
Logo
Food
Cars
Numbers
Grab Bag
University
College
Popular
Company
Slogans
Restaurants
Justice
Letter
Miscellaneous
Crossword
General Knowledge
Baby Names
Logo
Food
Cars
Numbers
Grab Bag
University
College
Popular
Company
Slogans
Restaurants
Justice
Letter
Random Quiz
Search Sporcle
×
Quiz Lab
Quiz Lab
Miscellaneous
meme
Type in answers that appear in a list
Type in answers that appear in a list
Classic
Best Score? Go Orange.
Guess the meme! Stats
Can you name the memes m98!?
15m
50 Questions
58 Plays
58 Plays
58 Plays
Comments
Comments
Give Quiz Kudos
Give Quiz Kudos
-
- Ratings
hide this ad
Replay
Link that replays current quiz
Next Quiz
Link to next quiz in quiz playlist
You Got
0%
They Got
Avg Score
9%
Avg Friend Score
Upgrade to see
Score Distribution
Jump to the score distribution portion of the page
Score
0/50
Timer
15:00
0
Plays Today
Hint
Answer
% Correct
eye in the tri
illuminati
44.8%
internet dog
doge
44.8%
smoke weed evry day
snoop dogg
39.7%
leader of mlg
sanik
34.5%
leader of ytp
weegee
24.1%
sidekick of sanik
taels
22.4%
also sidekick of sanik
nipples
22.4%
also sidekick of weegee
walleo
19%
sidekick of nipples
shadew
13.8%
sidekick of weegee
malleo
12.1%
snoopingas as usual i see
pingas
12.1%
sidekick of walleo
waweegee
10.3%
mlg j_
s_
_
MLG Jesus
10.3%
MLG thomas the tank engine
thomas the dank engine
10.3%
one punch!!!!!!!
one punch chris
8.6%
blue shirt duck
dolan duck
8.6%
dolan's sidekick
spoderman
8.6%
doritos+mountain dew+man+this
dewrito man
6.9%
mcdonalds+Trump=this
ronald mcdonald trump
6.9%
its over 9000!!!!!!!!!!!!!
over 9000 vagita
6.9%
sanik+weegee+this
saneegee
6.9%
YTP patrick
fatrik
6.9%
YTP link
CDI link
6.9%
YTP ganon
CDI ganon
6.9%
bombs bombs bombs
morshu
6.9%
Hint
Answer
% Correct
avocados!
MLG avocado
6.9%
shiver to your spines
spooky scary skelotons
6.9%
never gonna give...
ultimate meme destroyer
5.2%
YTP mr.krabs
moar krabz
5.2%
YTP spongebob
spongebill
5.2%
CDI link's father
the king
5.2%
better be rare
rare pepe
5.2%
snoop dogg's father
weedy
5.2%
s_
ua_
_
l_
squadala
3.4%
best unicyclist in the multiverse
fregy
3.4%
MLG freddy
fredi fagboy
3.4%
MLG foxy
focksi fagboy
3.4%
meme sceptile
secepitiel
3.4%
meme blaziken
blizkin
3.4%
MLG godzilla
goshzilla
3.4%
do you like
moodkips v m.8
3.4%
moodkips?
moodkips v m.9
3.4%
MLG bonnie
bini fagboy
3.4%
MLG chikka
cheke fagirl
3.4%
m8 to the max!
M1234567890
3.4%
moar krabs' brother
moar krabz brother
3.4%
illuminati+UMD=this
ilumiroldi
1.7%
meme swampert
saiyan super swemport
1.7%
high-
pitched brat
fr3d
1.7%
agarian+diepian+slitherian=this
agaeiperian
1.7%
Quiz Playlist
Details
Report
Send in Message
Add To Playlist
Classic:
Type in answers that appear in a list
Last Updated: Feb 16, 2017
Quiz Scoreboard
CHALLENGE
Sign Up to Join the Scoreboard
Show All
Scores
Hide
Comments
May contain spoilers
Recently Published
College Basketball Coaching Resumes
by pancakes188
Sports
9m
Billboard Blitz: Fleetwood Mac
by CooCooCachoo
Music
15s
Presidents Visiting Landmarks
by Hejman
History
7m
More to Explore
Quiz From the Vault
Featured Blog Post
Where Did the Easter Bunny Come From?
hide this ad
You Might Also Like...
Tags
meme
Today's Top Quizzes in Miscellaneous
Browse Miscellaneous
hide this ad
Today's Top Quizzes in meme
Browse meme
Top Contributed Quizzes in Miscellaneous
1
5-to-1: Fast Food
2
The JOE quick-fire general knowledge quiz: Day 174
3
The JOE quick-fire general knowledge quiz: Day 173
4
5-to-1: Cocktails
5
The JOE quick-fire general knowledge quiz: Day 172
6
Sunday Crossword: Famous Bodies of Water
7
The JOE quick-fire general knowledge quiz: Day 171
8
One Thing in Common: United Kingdom II
9
Named After an Animal - Odd One Out!
10
The JOE quick-fire quiz: Day 170
Explore More
Trending Topics
NBA
Disney
Crossword
Kpop
Anime
Marvel
Harry Potter
WWE
The Office
Country
Puzzle
Soccer
NFL
Pokémon
Song
hide this ad
Score Distribution
Popular Quizzes Today
1
Find the US States - No Outlines Minefield
2
Find the Countries of Europe - No Outlines Minefield
3
The Countries of the World
4
Find the US States
5
Risky Map Clicking: Biggest States A-Z
6
US States
7
Popular People in 1961
8
Movies - When Are They Set?
More Miscellaneous Quizzes
20 Ways to Cook Eggs
Published
Trending Quizzes
Risky Map Clicking: Least Populous States A-Z
1-10 Letter G Words
1-10 Letter F Words
Risky Map Clicking: Next State Alphabetically
Risky Map Clicking: Biggest States A-Z
Recently Updated
Leaping Animals
pecheneg
Reality TV Shows (A-Z)
bhenderson79
Rickey Henderson's Hall of Fame Teammates
pecheneg
Champions League XIs: Arsenal
pecheneg
Quick Pick: Celebrities in WWE's Hall of Fame
aduchscher
A-Z Keypad Blitz II
pecheneg
Multiple Oscar Actors
pecheneg
Mystery Phrase Blitz: Oscar 'Best Actors'
pecheneg
F. Scott Fitzgerald Novels
LTH
Pick 3 Villains
ddd62291
Trending Topics
Disney
Kpop
NBA
Crossword
Anime
Harry Potter
Marvel
Puzzle
Song
Country
Soccer
WWE
Pokémon
NFL
The Office
Your Account Isn't Verified!
In order to create a playlist on Sporcle, you need to verify the email address you used during registration. Go to your
Sporcle Settings
to finish the process.
Report this User
Report this user for behavior that violates our
Community Guidelines
.
Details:
Send Report
Go to the Sporcle.com Mobile Site →
Comments